Adli Araştırmalar Doğa Anlatıyor (Record no. 646997)

MARC details
000 -LEADER
sabit uzunluktaki kontrol alanı 00266nam a2200097Ia 4500
001 - KONTROL NUMARASI
kontrol alanı 646997
005 - EN SON İŞLEMİN TARİH VE ZAMANI
kontrol alanı 20250826153654.0
008 - SABİT-UZUNLUKTA VERİ ÖĞELERİ--GENEL BİLGİ
sabit uzunluktaki kontrol alanı 250824s9999 xx 000 0 und d
245 #0 - ESER / YAZAR
ESER ADI Adli Araştırmalar Doğa Anlatıyor
Yazar Adı Leela Burnscott
260 ## - YAYIN, DAĞITIM, VB.
YAYIN EVİ TÜBİTAK YAYINLARI
Holdings
Düşüm durumu Kayıp durumu Hasar Durumu Ödünç verilmez Ana kütüphane Geçerli Kütüphane Edinilen tarih Toplam ödünç verme sayısı Barkod Son görüntüleme tarihi Fiyatın geçerli olmaya başladığı tarih Koha materyal türü
        MUSTAFA BÜYÜKKAPLAN İMAM HATİP ORTAOKULU (ERKEK) MUSTAFA BÜYÜKKAPLAN İMAM HATİP ORTAOKULU (ERKEK) 24.08.2025   10052114 26.08.2025 26.08.2025 Books